| 000 | 02639nam a2200505Ii 4500 | ||
|---|---|---|---|
| 001 | DIGRENAC0022 | ||
| 003 | NyNyDIG | ||
| 008 | 191021t20182016sp ob 000 0 spa d | ||
| 006 | m o d | ||
| 007 | cr ||||||||||| | ||
| 035 | _a(OCoLC)1124733911 | ||
| 040 |
_aDGITA _beng _erda _epn _cDGITA |
||
| 020 |
_a9788417266844 _q(eBook ; _qpdf) |
||
| 020 |
_a8417266844 _q(eBook ; _qpdf) |
||
| 020 | _z9788416685936 | ||
| 020 | _z8416685932 | ||
| 050 | 1 | 4 | _aPQ6073.M6 ebook |
| 082 | 0 | 4 | _a860.9112 |
| 100 | 1 |
_aBianchi, Marina, _d1978- _eauthor. |
|
| 240 | 1 | 0 |
_aEssays. _kSelections (2016) |
| 245 | 1 | 0 |
_aDe la modernidad a la postmodernidad : _bvanguardia y neovanguardia en España / _cMarina Bianchi. |
| 264 | 1 |
_aSevilla [Spain] : _bRenacimiento, _c[2018] |
|
| 264 | 4 | _c©2016 | |
| 300 | _a1 online resource. | ||
| 336 |
_atext _btxt _2rdacontent |
||
| 337 |
_acomputer _bc _2rdamedia |
||
| 338 |
_aonline resource _bcr _2rdacarrier |
||
| 347 |
_atext file _2rdaft |
||
| 347 | _bPDF | ||
| 490 | 1 |
_aColección Iluminaciones ; _v113 |
|
| 504 | _aIncludes bibliographical references. | ||
| 505 | 0 | _aGénesis y contenido del volumen -- Modernidad, postmodernidad, vanguardia y neovanguardia -- Los poemas ultraístas de Juan Las -- José Maria Hinojosa: pionero del surrealismo en España -- Historia de un taxi de Concha Méndez Cuesta: un ensueño vanguardista -- Cuerpo y espíritu: la Eva moderna tiene algo más que cuidar -- la tragedia de la ferra vida: Maria Martínez Sierra contándose a si misma -- El silencio de la palabra en la poesía de Vicente Núñez -- Mythos y Lògos: leyendo los sofismas de Vicente Núñez desde la filosofía -- La heterodoxia en la poesía visual española del siglo XXI -- Notas hermenéuticas sobre Haia, de José de María Romero Barea. | |
| 588 | 0 | _aOnline resource; title from PDF title page (Digitalia, viewed October 24, 2019) | |
| 650 | 0 |
_aSpanish literature _y20th century _xHistory and criticism. |
|
| 650 | 0 |
_aModernism (Literature) _zSpain _xHistory and criticism. |
|
| 650 | 0 |
_aPostmodernism (Literature) _zSpain _xHistory and criticism. |
|
| 655 | 0 | _aElectronic books. | |
| 791 | 2 |
_aDigitalia (Firm), _edistributor. |
|
| 793 | 0 |
_gDigitalia eBook Collection: _aEditorial Renacimiento |
|
| 776 | 0 | 8 |
_iPrint version: _aBianchi, Marina, 1978- _sEssays. Selections (2016). _tDe la modernidad a la postmodernidad. _dSevilla : Renacimiento, [2016] _z9788416685936 _w(DLC) 2016502675 _w(OCoLC)969817001 |
| 830 | 0 |
_aIluminaciones ; _v113. |
|
| 856 | 4 | 0 |
_3Digitalia Hispánica _uhttps://www.digitaliapublishing.com/a/56342/ |
| 910 | _aPremium collection: 2019 | ||
| 942 | _cRAA | ||
| 999 |
_c254734 _d254734 |
||